Marketing logs̕tico

Detalles Bibliográficos
Autor principal: Riveros Polana̕, Gustavo
Formato: eBook
Lenguaje:español
Publicado: Bogot:̀ ECOE, 2015
Materias:
Acceso en línea:Acceso restringido

MARC

LEADER 00000nam a22000007a 4500
005 20220211212925.0
007 cr|||| ||||
008 220211s2015 co |||||s|||| 00||0 spa d
020 |a 9789587712896 
035 |a 35878 
040 |a vLex 
090 |c 12962  |d 12962 
100 1 |a Riveros Polana̕, Gustavo 
245 1 0 |a Marketing logs̕tico  |h [Recurso electrn̤ico] /  |c Gustavo Riveros Polana̕ 
256 |a Servicio en ln̕ea 
260 |a Bogot:̀  |b ECOE,  |c 2015 
300 |a 1 recurso electrn̤ico 
506 1 |a Disponible solo en los productos indicados  |d vLex Global  |d vLex Global (Academic Edition, excluding Law Schools)  |d vLex Global (U.S. Academic Edition, Law Schools)  |d vLex Global (U.S. Academic Edition, excluding Law Schools)  |d vLex Global (Academic Edition, Law Schools) 
650 0 4 |a Derecho Mercantil y de la Empresa  |z Colombia 
740 0 |a vLex Libros (Servicio en ln̕ea) 
856 4 0 |u https://app.vlex.com/#/sources/35878  |z Acceso restringido 
942 |c BOOK 
999 0 |a Commercial and Company Law